Korea old and new : A history (Record no. 1319429)

MARC details
000 -LEADER
fixed length control field 00556nam a2200205Ia 4500
005 - DATE AND TIME OF LATEST TRANSACTION
control field 20250507130405.0
008 - FIXED-LENGTH DATA ELEMENTS--GENERAL INFORMATION
fixed length control field 008 250505s9999 xx 000 0 chi d
037 ## - SOURCE OF ACQUISITION
Stock number Annuals, Advances
040 ## - CATALOGING SOURCE
Original cataloging agency EASL
Language of cataloging eng
Transcribing agency EASL
041 ## - LANGUAGE CODE
Language code of text/sound track or separate title chi
Source of code eng
084 ## - COLON CLASSIFICATION NUMBER
Classification number V495.N9, N0
Assigning agency EASL
100 ## - MAIN ENTRY--PERSONAL NAME
Personal name Eckert Carter J. Etc
245 #0 - TITLE STATEMENT
Title Korea old and new : A history
260 ## - PUBLICATION, DISTRIBUTION, ETC.
Place of publication, distribution, etc. South Korea
Name of publisher, distributor, etc. Seoul Ilchokak
Date of publication, distribution, etc. 1990
300 ## - PHYSICAL DESCRIPTION
Extent 454p.
490 ## - SERIES STATEMENT
Volume/sequential designation V.4
650 ## - SUBJECT ADDED ENTRY--TOPICAL TERM
Topical term or geographic name entry element KEL
942 ## - ADDED ENTRY ELEMENTS (KOHA)
Koha item type Textual
Classification part V495.N9, N0

No items available.

Copyright @ Delhi University Library System